00393nam a22001577a 450000500170000001000130001702000100003003500130004003700140005308200080006710000190007524500500009426000400014427000350018430000160021920120720105442.0 aG-002042 c50.00 aG-002042 adplbGift a423 aFunk, Wilfred. aSix Weeks to Words of Power/cby Wilfred funk aDelhibBinny Publishing Housec1986 a1691, Nai SarakbDelhie110006 a278pc19cm.